Name A Country Of The British Empire In 1921 A-Z - Statistics

General Stats
  • This quiz has been taken 134 times
  • The average score is 20 of 22
Answer Stats
Letter Country % Correct
B Bahamas | Bahrain | Bangladesh | Barbados | Belize | Bhutan | Botswana | Brunei
97%
I India | Iraq | Ireland | Israel
97%
N Namibia | Nauru | Nepal | New Zealand | Nigeria
96%
S Saint Kitts and Nevis | Saint Lucia | Saint Vincent and the Grenadines | Samoa | Saudi Arabia | Seychelles | Sierra Leone | Singapore | Solomon Islands | Somalia | South Africa | South Sudan | Sri Lanka | Sudan
96%
C Cameroon | Canada | China | Cyprus
95%
J Jamaica | Jordan
95%
O Oman
95%
Q Qatar
95%
Y Yemen
95%
Z Zambia | Zimbabwe
95%
T Tanzania | Tonga | Trinidad and Tobago | Turkey | Tuvalu
94%
U Uganda | United Arab Emirates | United Kingdom
93%
A Antigua and Barbuda | Australia
92%
G Gambia | Ghana | Grenada | Guyana
91%
K Kenya | Kiribati | Kuwait
91%
M Malawi | Malaysia | Maldives | Malta | Mauritius | Myanmar
84%
V Vanuatu
83%
E Egypt | Eswatini
81%
F Fiji
79%
P Pakistan | Papua New Guinea
77%
L Lesotho | Libya
70%
D Dominica
65%
No matching quizzes found
Score Distribution
Percent of People with Each Score
Percentile by Number Answered
Your Score History
You have not taken this quiz